000 00623nam a22002177a 4500
999 _c2488
_d2488
003 OSt
005 20210712120406.0
008 210712b ||||| |||| 00| 0 eng d
020 _a9780815137245
040 _cALUPE UNIVERSITY
050 _aRC953
_b.O23 1997
100 _aHelene Lohman;
245 _aOccupational therapy with elders
_bstrategies for the COTA
250 _aPrint book
_bEnglish
260 _a St. Louis
_aToronto :
_bMosby,
_c©1997
300 _a320p
650 _2 Ergothérapie. Personne âgée.
700 _aRené L Padilla
700 _a; Sue Byers-Connon
942 _2lcc
_cBK
_nDO